Deutsche Charts 2023 - Statistiken

Allgemein
  • Dieses Quiz wurde 286 mal gespielt
  • Das Durchschnittsergebnis liegt bei 15 aus 100
Antwortstatistiken
Platz Interpret Song % Korrekt
1 Udo Lindenberg & Apache 207 Komet
96%
2 Miley Cyrus Flowers
79%
4 Nina Chuba Wildberry Lillet
76%
12 Ski Aggu, Joost & Otto Waalkes Friesenjung
67%
6 Peter Fox ft. Inéz Zukunft Pink
57%
10 Tom Odell Another Love
51%
51 Wham! Last Christmas
49%
26 Apache 207 Roller
45%
58 DJ Robin & Schürze Layla
34%
8 SIRA / Badchieff / Bausa 9 bis 9
32%
25 Harry Styles As It Was
32%
7 Miksu / MacLoud / Makko Nachts wach
30%
5 David Guetta & Bebe Rexha I'm Good
27%
13 Luca-Dante Spadafora, NiklasDee, Octavian Mädchen auf dem Pferd
25%
50 Mariah Carey All I Want For Christmas Is You
24%
11 Eminem Mockingbird
24%
36 Nina Chuba & Chapo102 Ich hass dich
23%
22 Luciano x Aitch x Bia Bamba
22%
53 Tate McRae Greedy
22%
3 Ayliva ft. Mero Sie weiß
22%
18 Taylor Swift Anti-Hero
21%
16 David Kushner Daylight
21%
27 Sam Smith & Kim Petras Unholy
21%
44 Ayliva Hässlich
19%
56 Loreen Tattoo
19%
69 Taylor Swift Cruel Summer
18%
15 Nina Chuba Mangos mit Chili
18%
34 01099 - Paul & Ski Aggu Anders
17%
67 Macklemore & Ryan Lewis ft. Ray Dalton Can't Hold Us
15%
35 Ayliva Weißes Haus
15%
47 Finch x Tream Liebe auf der Rückbank
14%
45 Pashanim Ms. Jackson
14%
37 Doja Cat Paint The Town Red
14%
20 Cassö / Raye / D-Block Europe Prada
13%
80 Misku / MacLoud & T-Low Sehnsucht
13%
33 Rosa Linn Snap
13%
9 Yung Yury & Damn Yury Tabu.
13%
23 Metro Boomin with The Weeknd & 21 Savage Creepin'
12%
91 Finnel Dorfkinder
12%
68 Heat Waves Glass Animals
11%
39 Tiesto ft. Tate McRae 10:35
10%
77 Luciano Beautiful Girl
9%
24 Raye ft. 070 Shake Escapism.
9%
31 Ski Aggu, Endzone & Ericson Party Sahne
9%
85 The Weeknd & Madonna ft. Playboi Carti Popular
9%
73 Dave & Central Cee Sprinter
9%
30 RAF Camora / Luciano All Night
8%
14 Apache 207 Breaking Your Heart
8%
65 Ikke Hüftgold x Schürze x DJ Robin Bumsbar
8%
62 Dua Lipa Dance The Night
8%
63 Ski Aggu & SIRA Mietfrei
8%
72 Julian Sommer x Mia Julia Peter Pan
8%
70 Ion Miles / SiraOne / BHZ Powerade
8%
87 Ed Sheeran Shivers
8%
43 Kenya Grace Strangers
8%
93 Billie Eilish What Was I Made For?
8%
92 SDP ft. Adel Tawil Ich will nur dass du weißt
7%
60 Post Malone Chemical
6%
88 Southstar Miss You
6%
89 Oliver Tree & Robin Schulz Miss You
6%
75 Tream & Treamiboii Zelten auf Kies
6%
86 Badmómzjay & Domiziana Auf die Party
5%
79 Ayliva Bei Nacht
5%
94 Chris Rea Driving Home For Christmas
5%
55 James Hype & Miggy Dela Rosa Ferrari
5%
84 Gunna Fukumean
5%
81 Nina Chuba Glatteis
5%
42 Ayliva In deinen Armen
5%
82 SZA Kill Bill
5%
17 Tiesto Lay Low
5%
54 Kontra K Summertime
5%
95 Montez Auf & ab
4%
49 Felix Jaehn & Ray Dalton Call It Love
4%
76 Shakin' Stevens Merry Christmas Everyone
4%
48 Niklas Dee & Old Jimft. Enny-Mae Not Fair
4%
59 HoodBlaq Pass auf
4%
32 Purple Cisco Machine x Kungsft. Julian Perretta Substitution
4%
100 Miguel [US] Sure Thing
4%
29 Bennett Vois sur ton chemin
4%
96 Michael Schulte x R3hab Waterfall
4%
64 Imanbek & BYOR Belly Dancer
3%
19 Rema Calm Down
3%
66 Twocolors, safri Duo & Chris de Sarandy Cynical
3%
28 David Guetta / Anne-Marie /Coi Leray Don't Hurt Me
3%
74 OneRepublic I Ain't Worried
3%
98 Calvin Harris / Ellie Goulding Miracle
3%
41 Apache 207 Neunzig
3%
71 Inigo Quintero Si no estás
3%
97 Lil Nas X Star Walkin'
3%
99 Jazeek Superstars
3%
38 P!nk Trustfall
3%
52 Apache 207 Wenn das so bleibt
3%
90 Lost Frequencies / Elley Duhé /X Ambassadors Back To You
2%
46 Meduza x James Carter ft. Elley Duhé + Fast Boy Bad Memories
2%
61 Erobé & Lyfrix Ewigkeit
2%
83 Central Cee Let Go
2%
57 Rubi Only 4 Life
2%
21 Creeds Push Up
2%
78 Ayliva Was mir gefällt
2%
40 Matt Sassari Give It To Me
1%
Keine übereinstimmenden Quizze gefunden
Verteilung der Resultate
Anzahl Personen mit jedem Resultat
Perzentil nach korrekt beantworteten Fragen
Ihre Resultats-Entwicklung
Sie haben dieses Quiz noch nicht gespielt